00864aab a2200193 i 4500001001000000003001000010005001700020008004100037040001900078041000800097100002400105245007700129300006900206520023600275650002600511773010800537942000800645999001700653768714001CO-MdFUSB20240422110400.0240411t1985 ag ||||| |||| 00| 0 spa d bspacCO-MdFUSB aspa1 aGlynn, Lauraeautor1 aQuinchuqui :bEstudio de un caso de pobreza en el Ecuadorc/ Laura Glynn aVolumen 4, número 2 (junio, 1985), páginas: 46 - 50c; 27 cm aEl tema de los derechos humanos llama la atención de todo el mundo, por razones políticas como también humanitarias. Estudio de un caso de derechos humanos en el Ecuador que tiene que ver con la violencia institucionalizada. 7aDerechos humanos92960 tIglesia y Misión049402959687gVolumen 4, número 2 (junio, 1985), páginas: 46 - 50qpágina: 46 cANA c51575d51575